[Event "Chigorin Memorial 27th"]
[Site "St Petersburg"]
[Date "2019.10.08"]
[Round "4"]
[White "Erokhin, Artem"]
[Black "Petrushev, Nikita"]
[Result "0-1"]
[WhiteElo "1851"]
[BlackElo "2233"]
[PlyCount "56"]
[EventDate "2019.10.05"]
[EventType "swiss"]
[EventRounds "9"]
[EventCountry "RUS"]
[SourceTitle "EXT 2020"]
[Source "ChessBase"]
[SourceDate "2019.10.17"]
[SourceVersion "1"]
[SourceVersionDate "2019.10.17"]
[SourceQuality "1"]

1. e4 c5 2. Nf3 d6 3. d4 cxd4 4. Nxd4 Nf6 5. Nc3 a6 6. Be2 g6 7. 0-0 Bg7 8. f4 0-0 9. Kh1 Nc6 10. Be3 Bd7 11. Qd2 Rc8 12. Rae1 b5 13. a3 Na5 14. Bg1 Nc4 15. Qc1 e5 16. fxe5 dxe5 17. Nb3 Qe7 18. Bxc4 bxc4 19. Nd2 h6 20. Nf3 Bc6 21. Qe3 Rb8 22. Nd2 Rxb2 23. Nxc4 Rxc2 24. Qd3 Rxc3 25. Qxc3 Nxe4 26. Qc2 Qh4 27. Bf2 Nxf2+ 28. Rxf2 Rc8 0-1

[Event "Murmansk Basamro U16 4th"]
[Site "Murmansk"]
[Date "2016.10.07"]
[Round "2.3"]
[White "Petrushev, Nikita"]
[Black "Warr Esser, Alexandre"]
[Result "1-0"]
[WhiteElo "2221"]
[BlackElo "1883"]
[PlyCount "59"]
[EventDate "2016.10.06"]
[EventType "team-tourn"]
[EventRounds "5"]
[EventCountry "RUS"]
[SourceTitle "EXT 2017"]
[Source "ChessBase"]
[SourceDate "2016.10.25"]
[SourceVersion "1"]
[SourceVersionDate "2016.10.25"]
[SourceQuality "1"]
[WhiteTeam "Leningrad Region"]
[BlackTeam "Paris"]
[WhiteTeamCountry "RUS"]
[BlackTeamCountry "FRA"]

1. e4 e6 2. d4 d5 3. Nc3 Nf6 4. Bg5 Be7 5. e5 Nfd7 6. h4 h6 7. Bxe7 Qxe7 8. Qg4 g6 9. f4 h5 10. Qf3 a6 11. 0-0-0 c5 12. dxc5 Nxc5 13. g4 Nc6 14. Nge2 hxg4 15. Qxg4 b5 16. a3 Bb7 17. Bg2 0-0-0 18. Nxd5 Qf8 19. Nf6 Rxd1+ 20. Rxd1 Qh6 21. Bxc6 Bxc6 22. Qg1 Na4 23. Qa7 Qxh4 24. Qxa6+ Kc7 25. Qa7+ Kc8 26. Nd7 Bxd7 27. Qxd7+ Kb8 28. Qxb5+ Kc8 29. Qxa4 Qf2 30. Qa8+ 1-0

[Event "Murmansk Basamro U16 4th"]
[Site "Murmansk"]
[Date "2016.10.07"]
[Round "3.1"]
[White "Pyper, Otto"]
[Black "Petrushev, Nikita"]
[Result "0-1"]
[WhiteElo "1696"]
[BlackElo "2221"]
[PlyCount "76"]
[EventDate "2016.10.06"]
[EventType "team-tourn"]
[EventRounds "5"]
[EventCountry "RUS"]
[SourceTitle "EXT 2017"]
[Source "ChessBase"]
[SourceDate "2016.10.25"]
[SourceVersion "1"]
[SourceVersionDate "2016.10.25"]
[SourceQuality "1"]
[WhiteTeam "Sussex"]
[BlackTeam "Leningrad Region"]
[WhiteTeamCountry "ENG"]
[BlackTeamCountry "RUS"]

1. e4 c5 2. Nc3 Nc6 3. f4 g6 4. Nf3 Bg7 5. Bb5 Nd4 6. 0-0 Nxb5 7. Nxb5 a6 8. Nc3 e6 9. e5 d5 10. d4 cxd4 11. Qxd4 Ne7 12. b3 Nc6 13. Qc5 Qe7 14. Qxe7+ Nxe7 15. Ba3 Bd7 16. Nd4 Rc8 17. Nce2 Nc6 18. Rac1 f6 19. Nxc6 bxc6 20. Bd6 c5 21. g4 fxe5 22. fxe5 Bf8 23. Rxf8+ Rxf8 24. Bxf8 Kxf8 25. Rf1+ Ke7 26. Rf6 a5 27. Rf3 Bb5 28. Nc3 Be8 29. g5 c4 30. a4 d4 31. Nb5 d3 32. Nd6 dxc2 33. Nxc8+ Kd8 34. Rc3 cxb3 35. Nb6 b2 36. Rc8+ Ke7 37. Rc7+ Kf8 38. Rxc2 b1Q+ 0-1

[Event "Chigorin Memorial 20th"]
[Site "St Petersburg"]
[Date "2012.11.04"]
[Round "9"]
[White "Zakharov, Yuri Vasilievich"]
[Black "Petrushev, Nikita"]
[Result "1-0"]
[WhiteElo "1902"]
[BlackElo "1738"]
[PlyCount "107"]
[EventDate "2012.10.27"]
[EventType "swiss"]
[EventRounds "9"]
[EventCountry "RUS"]
[SourceTitle "EXT 2013"]
[Source "ChessBase"]
[SourceDate "2012.11.22"]
[SourceVersion "1"]
[SourceVersionDate "2012.11.22"]
[SourceQuality "1"]

1. Nf3 d6 2. d4 Nd7 3. d5 Ngf6 4. g3 c6 5. Nc3 cxd5 6. Nxd5 Nxd5 7. Qxd5 Nf6 8. Qb3 Qc7 9. c3 Be6 10. Qc2 g6 11. Bg2 Bg7 12. 0-0 0-0 13. e4 Rac8 14. Re1 Nd7 15. Ng5 Bc4 16. f4 h6 17. Nf3 Nc5 18. Rd1 Ba6 19. Be3 b5 20. Bd4 e5 21. fxe5 dxe5 22. Bf2 Bb7 23. Re1 Rfd8 24. Re3 h5 25. Re2 a6 26. Ne1 Rd6 27. Rd1 Rxd1 28. Qxd1 Rd8 29. Qc2 Qd6 30. Be3 Qc6 31. Bg5 f6 32. Bc1 Bf8 33. h4 Qe6 34. a3 Qc4 35. Kh2 Nb3 36. Be3 a5 37. Rf2 Qe6 38. Rxf6 Qxf6 39. Bg5 Qf7 40. Bxd8 a4 41. Bb6 Qf6 42. Be3 Qd6 43. Nf3 Na1 44. Qe2 Ba6 45. Ng5 Be7 46. Qf2 Qf6 47. Qd2 Qd6 48. Qd5+ Qxd5 49. exd5 Nc2 50. Bd2 Bxa3 51. bxa3 Nxa3 52. d6 Kf8 53. d7 Ke7 54. Bc6 1-0

[Event "Chigorin Memorial 20th"]
[Site "St Petersburg"]
[Date "2012.11.02"]
[Round "7"]
[White "Maksimov, Dmitri"]
[Black "Petrushev, Nikita"]
[Result "1-0"]
[WhiteElo "1982"]
[BlackElo "1738"]
[PlyCount "85"]
[EventDate "2012.10.27"]
[EventType "swiss"]
[EventRounds "9"]
[EventCountry "RUS"]
[SourceTitle "EXT 2013"]
[Source "ChessBase"]
[SourceDate "2012.11.22"]
[SourceVersion "1"]
[SourceVersionDate "2012.11.22"]
[SourceQuality "1"]

1. e4 d6 2. d4 Nf6 3. Bd3 Nbd7 4. Nf3 e5 5. c3 Be7 6. 0-0 0-0 7. h3 c6 8. Be3 a5 9. Nbd2 Qc7 10. Re1 Rd8 11. a4 Nf8 12. Nc4 Ng6 13. dxe5 Nd7 14. exd6 Bxd6 15. Nxd6 Qxd6 16. Bc2 Qc7 17. Qe2 Nde5 18. Nxe5 Qxe5 19. Bd4 Qe7 20. Qe3 Qh4 21. Bb6 Re8 22. Bc7 f5 23. Bg3 Qf6 24. e5 Qf7 25. Rad1 Be6 26. Rd6 Rad8 27. Qg5 Ne7 28. Bh4 h6 29. Qd2 Rxd6 30. exd6 Nd5 31. c4 Nb6 32. c5 Nd7 33. Be7 Qg6 34. Qxa5 Bd5 35. g4 Be6 36. Rxe6 Qxe6 37. Bxf5 Qa2 38. Bxd7 Qb1+ 39. Kh2 Qe4 40. Bxe8 Qf4+ 41. Kg1 Qc1+ 42. Kg2 Qf4 43. Bg6 1-0

[Event "Chigorin Memorial 20th"]
[Site "St Petersburg"]
[Date "2012.10.28"]
[Round "2"]
[White "Gogolev, Artem"]
[Black "Petrushev, Nikita"]
[Result "1-0"]
[WhiteElo "2090"]
[BlackElo "1738"]
[PlyCount "53"]
[EventDate "2012.10.27"]
[EventType "swiss"]
[EventRounds "9"]
[EventCountry "RUS"]
[SourceTitle "EXT 2013"]
[Source "ChessBase"]
[SourceDate "2012.11.22"]
[SourceVersion "1"]
[SourceVersionDate "2012.11.22"]
[SourceQuality "1"]

1. d4 d6 2. e4 Nf6 3. Nc3 Nbd7 4. g3 e5 5. Nge2 Be7 6. Bg2 c6 7. 0-0 Qc7 8. h3 a5 9. a4 0-0 10. f4 Re8 11. g4 Bf8 12. Be3 g6 13. Ng3 exd4 14. Bxd4 Rd8 15. f5 d5 16. Qf3 dxe4 17. Ngxe4 Nxe4 18. fxg6 Nef6 19. gxh7+ Kxh7 20. Ne4 Bg7 21. Nxf6+ Nxf6 22. Bxf6 Rd6 23. Bxg7 Kxg7 24. Rae1 Be6 25. Qf6+ Kg8 26. Re5 Rad8 27. Rh5 1-0

[Event "Chigorin Memorial 20th"]
[Site "St Petersburg"]
[Date "2012.10.27"]
[Round "1"]
[White "Petrushev, Nikita"]
[Black "Nikolova, Adriana"]
[Result "0-1"]
[WhiteElo "1738"]
[BlackElo "2290"]
[PlyCount "104"]
[EventDate "2012.10.27"]
[EventType "swiss"]
[EventRounds "9"]
[EventCountry "RUS"]
[SourceTitle "EXT 2013"]
[Source "ChessBase"]
[SourceDate "2012.11.22"]
[SourceVersion "1"]
[SourceVersionDate "2012.11.22"]
[SourceQuality "1"]

1. d4 d5 2. Nf3 Nf6 3. e3 c5 4. b3 Nc6 5. Bb2 cxd4 6. exd4 Bf5 7. a3 e6 8. Nbd2 Bd6 9. Ne5 0-0 10. f4 Ne4 11. g3 Rc8 12. Rc1 Nxd2 13. Qxd2 Be4 14. Bg2 Bxg2 15. Qxg2 Bxa3 16. Bxa3 Qa5+ 17. Qd2 Qxa3 18. Nxc6 Rxc6 19. 0-0 Qb2 20. f5 e5 21. dxe5 Qxe5 22. Rce1 Qb2 23. Rf2 b6 24. Ree2 Rd6 25. Qf4 Qf6 26. g4 h6 27. h4 g5 28. hxg5 hxg5 29. Qg3 Qa1+ 30. Rf1 Qd4+ 31. Kg2 Rh6 32. c3 Qf6 33. Qe5 Kg7 34. Qxf6+ Kxf6 35. Rd2 Rh4 36. Rd4 Rfh8 37. Rf2 Rh2+ 38. Kf1 Rh1+ 39. Ke2 Re8+ 40. Kd3 Rd1+ 41. Rd2 Rxd2+ 42. Kxd2 Re4 43. Rxd5 Rxg4 44. Rd7 Rf4 45. Rxa7 g4 46. Rb7 g3 47. Rxb6+ Kxf5 48. Rb7 Kg6 49. Rb6+ Kg7 50. Ke3 Rf5 51. Rb4 Rg5 52. Kf4 Rg6 0-1